000 01021nam a2200325 i 4500
999 _c65260
_d65260
001 768714001
003 CO-MdFUSB
005 20191022170507.0
008 190927b ||||| |||| 00| 0 eng d
020 _a9788432228070
040 _aCO-MdFUSB
_bspa
_cCO-MdFUSB
_dCO-MdFUSBC
_erda
041 _aspa
_hita
082 _223
_a853.92
_bT153
100 _aTamaro, Susanna.
_eautor
240 _aAscolta la mia voce
245 _aEscucha mi voz
_c/ Susanna Tamaro ; traducido por Guadalupe Ramírez
264 1 _aBarcelona, España :
_bSeix Barral,
_c[2007]
264 4 _c© 2007
300 _a215 páginas2
_c; 23 cm
336 _2rdacontent
_atexto
_btxt
337 _2rdamedia
_asin mediación
_bn
338 _2rdacarrier
_avolumen
_bnc
490 _aBiblioteca Formentor
505 _aPreludio. -- Genealogías. -- Raíces.
650 7 _2embne
_92492
_aLiteratura italiana
_yS.XX
653 _aNovela italiana.
700 _92564
_aRamírez, Guadalupe.
_etraductor
942 _cBK
945 _aJTF-925